[Event "34. Copenhagen Open (Politiken Cup)"]
[Site "Elsinore"]
[Date "2012.07.29"]
[Round "2"]
[White "Hansen, Verner"]
[Black "Petersen, Jan Han"]
[Result "1-0"]
[WhiteElo "1878"]
[BlackElo "1632"]
[PlyCount "49"]
[EventDate "2012.07.28"]
[EventType "swiss"]
[EventRounds "10"]
[EventCountry "DEN"]
[Source "ChessBase"]
[SourceDate "2012.08.24"]

1. e4 c5 2. Nc3 Nc6 3. d3 d6 4. g3 e5 5. Bg2 Be6 6. f4 exf4 7. Bxf4 Be7 8. Nf3
Nf6 9. O-O O-O 10. Ne2 Qd7 11. e5 dxe5 12. Nxe5 Nxe5 13. Bxe5 Bd5 14. Nf4 Bxg2
15. Kxg2 Ng4 16. Qe2 g5 17. Bc3 gxf4 18. Rxf4 Nh6 19. Re1 Qd5+ 20. Kg1 Bg5 21.
Qh5 Rad8 22. Re5 Qxe5 23. Bxe5 Bxf4 24. Bxf4 Kg7 25. Qxh6+ 1-0

[Event "34. Copenhagen Open (Politiken Cup)"]
[Site "Elsinore"]
[Date "2012.07.29"]
[Round "2"]
[White "Haubro, Martin"]
[Black "Merkesvik, Sondre"]
[Result "0-1"]
[WhiteElo "2148"]
[BlackElo "1892"]
[PlyCount "78"]
[EventDate "2012.07.28"]
[EventType "swiss"]
[EventRounds "10"]
[EventCountry "DEN"]
[Source "ChessBase"]
[SourceDate "2012.08.24"]

1. e4 Nf6 2. e5 Nd5 3. c4 Nb6 4. d4 d6 5. exd6 exd6 6. Nc3 Nc6 7. Be3 Be7 8. b3
O-O 9. Be2 Bf6 10. Nf3 Re8 11. O-O Bg4 12. Qd3 d5 13. Rfd1 Qd7 14. h3 Bh5 15.
Rac1 Rad8 16. c5 Nc8 17. Qb5 N8e7 18. Qxb7 Nf5 19. Bb5 Nfe7 20. Be2 Nf5 21. Bf4
Rxe2 22. Nxe2 Bxf3 23. gxf3 Nh4 24. Kh2 Nxf3+ 25. Kg3 Qe6 26. Kxf3 Qe4+ 27. Kg3
Qxe2 28. Qxc7 Re8 29. Re1 Bh4+ 30. Kxh4 Qxf2+ 31. Kg4 Qg2+ 32. Kh4 Qf2+ 33. Kg4
f5+ 34. Kg5 Qg2+ 35. Bg3 Ne5 36. Qxe5 Rxe5 37. dxe5 Qxg3+ 38. Kxf5 Kf7 39. c6
g6# 0-1

[Event "34. Copenhagen Open (Politiken Cup)"]
[Site "Elsinore"]
[Date "2012.07.29"]
[Round "2"]
[White "Haugsdal, Arn Tore"]
[Black "Nielsen, Leo"]
[Result "1-0"]
[WhiteElo "2068"]
[BlackElo "1739"]
[PlyCount "75"]
[EventDate "2012.07.28"]
[EventType "swiss"]
[EventRounds "10"]
[EventCountry "DEN"]
[Source "ChessBase"]
[SourceDate "2012.08.24"]

1. e4 c5 2. Nf3 Nc6 3. d4 cxd4 4. c3 g6 5. cxd4 Bg7 6. d5 Ne5 7. Nxe5 Bxe5 8.
f4 Bg7 9. Nc3 d6 10. Be3 Bd7 11. Bd4 Nf6 12. e5 dxe5 13. fxe5 Nh5 14. g4 Nf4
15. e6 fxe6 16. Bxg7 Rg8 17. Be5 Nxd5 18. Nxd5 Qa5+ 19. Bc3 Qxd5 20. Qxd5 exd5
21. O-O-O Bc6 22. Bg2 e6 23. Rhe1 Kd7 24. g5 Rac8 25. Bh3 Rge8 26. b3 b5 27.
Kb2 Bb7 28. Re5 Kd6 29. Rde1 Rc6 30. Bxe6 Bc8 31. Rxd5+ Kc7 32. Ba5+ Kb8 33.
Rxb5+ Rb6 34. Rxb6+ axb6 35. Bxc8 Rxc8 36. Bxb6 Kb7 37. Bd4 Rd8 38. Kc3 1-0

[Event "34. Copenhagen Open (Politiken Cup)"]
[Site "Elsinore"]
[Date "2012.07.29"]
[Round "2"]
[White "Hector, Jonny"]
[Black "Nilsson, Patrik1"]
[Result "1-0"]
[WhiteElo "2530"]
[BlackElo "2078"]
[PlyCount "73"]
[EventDate "2012.07.28"]
[EventType "swiss"]
[EventRounds "10"]
[EventCountry "DEN"]
[Source "ChessBase"]
[SourceDate "2012.08.24"]

1. e4 e6 2. d4 d5 3. e5 c5 4. c3 Qb6 5. Nf3 Bd7 6. Bd3 Bb5 7. dxc5 Bxc5 8. b4
Bxd3 9. Qxd3 Be7 10. O-O Nh6 11. Bxh6 gxh6 12. Nbd2 O-O 13. c4 Nc6 14. a3 Rfd8
15. c5 Qc7 16. Rae1 Bf8 17. Re3 Bg7 18. Rfe1 Ne7 19. Nd4 a6 20. f4 Ng6 21. g3
Re8 22. N2f3 h5 23. Qf1 h4 24. Qh3 hxg3 25. hxg3 b6 26. c6 b5 27. Qh5 Qb6 28.
Rc1 Rac8 29. Rc5 h6 30. Rec3 Rc7 31. Nh2 Rec8 32. Ng4 Kh7 33. Kg2 Ne7 34. Qxf7
Nf5 35. Nf6+ Kh8 36. Qg6 Bxf6 37. Qxf6+ 1-0

[Event "34. Copenhagen Open (Politiken Cup)"]
[Site "Elsinore"]
[Date "2012.07.29"]
[Round "2"]
[White "Hedlerfog, Robert"]
[Black "Frisvold, Ole Emil"]
[Result "0-1"]
[WhiteElo "1714"]
[BlackElo "1960"]
[PlyCount "63"]
[EventDate "2012.07.28"]
[EventType "swiss"]
[EventRounds "10"]
[EventCountry "DEN"]
[Source "ChessBase"]
[SourceDate "2012.08.24"]

1. d4 d5 2. Nf3 Nf6 3. g3 c5 4. c3 e6 5. Bg2 b6 6. b3 Bb7 7. Bb2 Nc6 8. Nbd2
Bd6 9. O-O O-O 10. Qb1 e5 11. dxe5 Nxe5 12. Nxe5 Bxe5 13. Nf3 Bc7 14. Qf5 Re8
15. e3 Ne4 16. Qg4 Qf6 17. Rfc1 Be5 18. Qh4 Qf5 19. g4 Qf6 20. Qxf6 Bxf6 21.
Ne1 Bg5 22. Bxe4 Rxe4 23. Ng2 d4 24. h4 Rxg4 25. hxg5 Rxg2+ 26. Kf1 dxe3 27.
Rc2 exf2 28. Rxf2 Rxg5 29. Rd1 Re8 30. Rd7 Bc8 31. Rd3 c4 32. Rd4 0-1

[Event "34. Copenhagen Open (Politiken Cup)"]
[Site "Elsinore"]
[Date "2012.07.29"]
[Round "2"]
[White "Hillarp Persson, Tiger"]
[Black "Bratholm, Palle"]
[Result "1-0"]
[WhiteElo "2575"]
[BlackElo "2088"]
[PlyCount "33"]
[EventDate "2012.07.28"]
[EventType "swiss"]
[EventRounds "10"]
[EventCountry "DEN"]
[Source "ChessBase"]
[SourceDate "2012.08.24"]

1. e4 e5 2. Nf3 Nf6 3. Nxe5 d6 4. Nf3 Nxe4 5. Nc3 Nxc3 6. dxc3 Nc6 7. Bf4 Be6
8. Qd2 Qd7 9. Ng5 O-O-O 10. O-O-O Kb8 11. Nxe6 Qxe6 12. Kb1 Be7 13. Bb5 Ne5 14.
Rhe1 a6 15. Bf1 Bf6 16. Bg3 Qd7 17. Bxe5 1-0

[Event "34. Copenhagen Open (Politiken Cup)"]
[Site "Elsinore"]
[Date "2012.07.29"]
[Round "2"]
[White "Hoel, Jorgen"]
[Black "Kyrkjebo, Hanna Bakken"]
[Result "1-0"]
[WhiteElo "1848"]
[BlackElo "1536"]
[PlyCount "109"]
[EventDate "2012.07.28"]
[EventType "swiss"]
[EventRounds "10"]
[EventCountry "DEN"]
[Source "ChessBase"]
[SourceDate "2012.08.24"]

1. c4 e5 2. g3 Nc6 3. Bg2 f5 4. Nc3 Nf6 5. e3 g6 6. Nge2 Bg7 7. O-O O-O 8. d3
d6 9. a3 Be6 10. Nd5 Bf7 11. e4 Qd7 12. exf5 gxf5 13. Nxf6+ Bxf6 14. Nc3 Bg7
15. f4 Bg6 16. Ra2 Rab8 17. Be3 a6 18. Qc1 Kh8 19. b4 Ne7 20. Rd2 Qe8 21. b5
Bf7 22. Re2 e4 23. Rd1 exd3 24. Ree1 Bxc4 25. bxa6 Bxa6 26. Ba7 Rc8 27. Nd5 Rf7
28. Qe3 Bf8 29. Bd4+ Bg7 30. Nxe7 Rxe7 31. Bxg7+ Kxg7 32. Qxe7+ Qxe7 33. Rxe7+
Kg8 34. Bf1 c5 35. Bxd3 Bxd3 36. Rxd3 c4 37. Rxd6 c3 38. Re1 c2 39. Rc1 b5 40.
Rd2 Ra8 41. Rdxc2 Rxa3 42. Rb1 Ra5 43. Rc5 Ra6 44. Rxf5 b4 45. Rxb4 Ra1+ 46.
Kg2 Ra2+ 47. Kh3 Ra7 48. Rfb5 Rf7 49. Rb8+ Kg7 50. R4b7 Rxb7 51. Rxb7+ Kg6 52.
Kh4 Kh6 53. Rb6+ Kg7 54. Kh5 Kf8 55. Rb7 1-0

[Event "34. Copenhagen Open (Politiken Cup)"]
[Site "Elsinore"]
[Date "2012.07.29"]
[Round "2"]
[White "Hojgaard, Brandur"]
[Black "Petersen, Peter Birk"]
[Result "0-1"]
[WhiteElo "1686"]
[BlackElo "2155"]
[PlyCount "70"]
[EventDate "2012.07.28"]
[EventType "swiss"]
[EventRounds "10"]
[EventCountry "DEN"]
[Source "ChessBase"]
[SourceDate "2012.08.24"]

1. d4 Nf6 2. c4 e6 3. Nc3 c5 4. d5 exd5 5. cxd5 d6 6. e4 g6 7. Bd3 Bg7 8. f4
O-O 9. Nf3 b5 10. O-O b4 11. Ne2 Nbd7 12. Nd2 Nb6 13. Qc2 Re8 14. Ng3 Bd7 15.
Rb1 Ng4 16. Nf3 c4 17. Be2 Rc8 18. h3 Nf6 19. b3 cxb3 20. Qxb3 Nxe4 21. Nxe4
Rxe4 22. Bd3 Ba4 23. Bxe4 Bxb3 24. axb3 Nd7 25. f5 Nf6 26. Bd3 Rc3 27. Bc4 Ne4
28. fxg6 hxg6 29. Bf4 a5 30. Rbe1 f5 31. Re2 a4 32. Rfe1 axb3 33. Nd2 Qb6+ 34.
Be3 Rxe3 35. Rxe3 Nxd2 0-1

[Event "34. Copenhagen Open (Politiken Cup)"]
[Site "Elsinore"]
[Date "2012.07.29"]
[Round "2"]
[White "Hyldkrog, Lars"]
[Black "Rudolf, Anna"]
[Result "0-1"]
[WhiteElo "2041"]
[BlackElo "2325"]
[PlyCount "96"]
[EventDate "2012.07.28"]
[EventType "swiss"]
[EventRounds "10"]
[EventCountry "DEN"]
[Source "ChessBase"]
[SourceDate "2012.08.24"]

1. e4 e6 2. d4 d5 3. Nc3 Nf6 4. Bg5 Be7 5. e5 Nfd7 6. Bxe7 Qxe7 7. f4 O-O 8.
Nf3 c5 9. Qd2 Nc6 10. O-O-O f6 11. exf6 Qxf6 12. g3 a6 13. Bh3 cxd4 14. Nxd4
Nb6 15. Rhe1 Nxd4 16. Qxd4 Qxd4 17. Rxd4 e5 18. Rb4 Bxh3 19. Rxb6 exf4 20. Rxb7
f3 21. Ree7 Bf5 22. Rxg7+ Kh8 23. Nd1 d4 24. Nf2 Rac8 25. Rgc7 Rfe8 26. Kd1
Rxc7 27. Rxc7 Re2 28. Nd3 Rxh2 29. Rf7 Bg4 30. Ne5 Bh5 31. Rf5 Rh1+ 32. Kd2 f2
33. g4 Bxg4 34. Nxg4 f1=Q 35. Rxf1 Rxf1 36. Ne5 h5 37. Nc6 Rf4 38. c3 dxc3+ 39.
bxc3 h4 40. Ne7 Kg7 41. Nd5 Ra4 42. Ne3 Rxa2+ 43. Kd3 h3 44. Nf5+ Kf6 45. Ng3
Rg2 46. Ne4+ Ke5 47. Ke3 h2 48. Nf2 Rxf2 0-1

[Event "34. Copenhagen Open (Politiken Cup)"]
[Site "Elsinore"]
[Date "2012.07.29"]
[Round "2"]
[White "Jacobsen, Fredrik Beer"]
[Black "Bue, Gunnar"]
[Result "1-0"]
[WhiteElo "1913"]
[BlackElo "1677"]
[PlyCount "65"]
[EventDate "2012.07.28"]
[EventType "swiss"]
[EventRounds "10"]
[EventCountry "DEN"]
[Source "ChessBase"]
[SourceDate "2012.08.24"]

1. e4 d6 2. d4 Nf6 3. Nc3 g6 4. f4 Bg7 5. Nf3 O-O 6. Bd3 Nc6 7. O-O e5 8. fxe5
dxe5 9. d5 Nd4 10. Nxd4 exd4 11. Ne2 Ng4 12. h3 Ne3 13. Bxe3 dxe3 14. Qc1 c6
15. dxc6 Qb6 16. c3 bxc6 17. Rf3 Rb8 18. b3 Ba6 19. Bxa6 Qxa6 20. Nf4 e2 21.
Qc2 Rfe8 22. Nxe2 f5 23. Ng3 Be5 24. exf5 Bxg3 25. Rxg3 Re2 26. Qb1 Qb6+ 27.
Kh1 Rbe8 28. fxg6 Qf2 29. gxh7+ Kh8 30. Rg8+ Rxg8 31. hxg8=R+ Kxg8 32. Qg6+ Kh8
33. Qxc6 1-0

[Event "34. Copenhagen Open (Politiken Cup)"]
[Site "Elsinore"]
[Date "2012.07.29"]
[Round "2"]
[White "Jensen, Hans Askov"]
[Black "Solli, Oddvar"]
[Result "0-1"]
[WhiteElo "1592"]
[BlackElo "1894"]
[PlyCount "82"]
[EventDate "2012.07.28"]
[EventType "swiss"]
[EventRounds "10"]
[EventCountry "DEN"]
[Source "ChessBase"]
[SourceDate "2012.08.24"]

1. e4 c6 2. d4 d5 3. e5 Bf5 4. Bd3 Bxd3 5. Qxd3 e6 6. Nc3 Qa5 7. Bd2 Qa6 8. Qg3
Ne7 9. Nge2 Nf5 10. Qf4 Be7 11. h4 h5 12. Ng3 g6 13. Nxf5 gxf5 14. O-O-O Nd7
15. g3 O-O-O 16. Qf3 Rdg8 17. Qe2 Qb6 18. Be3 Kb8 19. a3 Qa5 20. Qd3 Nb6 21.
Na2 Nc4 22. Bd2 Qb6 23. Bb4 Bxb4 24. Nxb4 a5 25. b3 Nxa3 26. Na2 Rg4 27. Qc3
Nb5 28. Qc5 Qxc5 29. dxc5 Rhg8 30. Rhe1 f4 31. c4 Nc7 32. cxd5 Nxd5 33. Rd3
fxg3 34. fxg3 Rxg3 35. Rxg3 Rxg3 36. Rf1 Rg7 37. Kb2 Ne3 38. Rf4 Rg2+ 39. Kb1
Nf5 40. Ra4 Re2 41. Rxa5 Nxh4 0-1

[Event "34. Copenhagen Open (Politiken Cup)"]
[Site "Elsinore"]
[Date "2012.07.29"]
[Round "2"]
[White "Joensen, Tor Kristian"]
[Black "Justinussen, Sigurd B"]
[Result "0-1"]
[WhiteElo "1683"]
[BlackElo "1952"]
[PlyCount "86"]
[EventDate "2012.07.28"]
[EventType "swiss"]
[EventRounds "10"]
[EventCountry "DEN"]
[Source "ChessBase"]
[SourceDate "2012.08.24"]

1. e4 c5 2. Nc3 e6 3. g3 d5 4. d3 d4 5. Nce2 Nc6 6. Bg2 Bd6 7. f4 Nge7 8. Nf3
b6 9. O-O Bb7 10. g4 Qd7 11. Nd2 O-O-O 12. Nc4 Bc7 13. a3 f5 14. gxf5 exf5 15.
e5 h6 16. Rb1 g5 17. b4 cxb4 18. axb4 gxf4 19. Bxf4 Ng6 20. Nd6+ Bxd6 21. exd6
Nxf4 22. Rxf4 Qxd6 23. b5 Ne5 24. Bxb7+ Kxb7 25. Ng3 Rhf8 26. Qf1 Qd5 27. Rxf5
Nf3+ 28. Rxf3 Qxf3 29. Qxf3+ Rxf3 30. Rb4 Rf7 31. Kg2 Rc7 32. Rb2 Rdc8 33. Kh3
Rxc2 34. Rb4 Rd8 35. Ne4 Re2 36. Rb1 Re3+ 37. Kg4 Rd5 38. Rb3 Re1 39. h4 Rg1+
40. Kh3 Rd8 41. Rb4 Rd1 42. Rb3 Rg8 43. Ng3 Rg1 0-1

[Event "34. Copenhagen Open (Politiken Cup)"]
[Site "Elsinore"]
[Date "2012.07.29"]
[Round "2"]
[White "Johansen, Kai Roger"]
[Black "Rostgaard, Tobias Valentin"]
[Result "1/2-1/2"]
[WhiteElo "2016"]
[BlackElo "2246"]
[PlyCount "136"]
[EventDate "2012.07.28"]
[EventType "swiss"]
[EventRounds "10"]
[EventCountry "DEN"]
[Source "ChessBase"]
[SourceDate "2012.08.24"]

1. c4 e5 2. Nc3 Nc6 3. Nf3 Nf6 4. g3 Bc5 5. Bg2 d6 6. a3 a6 7. d3 h6 8. e3 O-O
9. O-O Ba7 10. b3 Bd7 11. Bb2 Qc8 12. Re1 Bh3 13. Bh1 Ng4 14. Nd5 f5 15. d4 Rf7
16. b4 Qe8 17. Qc2 Nd8 18. dxe5 dxe5 19. c5 c6 20. Nb6 Bxb6 21. cxb6 e4 22. Nd4
Ne5 23. f4 exf3 24. Nxf3 Nxf3+ 25. Bxf3 Bg4 26. Bg2 Ne6 27. a4 Ng5 28. Qc4 Bf3
29. Qf4 Rd8 30. Bc3 Rd3 31. Rac1 Qd7 32. h4 Rxc3 33. Bf1 Rxc1 34. Rxc1 Qd2 35.
Rc4 Bd5 36. hxg5 hxg5 37. Qe5 Qd1 38. Rd4 Qf3 39. b5 Qh1+ 40. Kf2 Qf3+ 41. Ke1
axb5 42. axb5 f4 43. gxf4 Qg3+ 44. Ke2 Bf3+ 45. Kd3 Qe1 46. Bh3 Qd1+ 47. Kc3
Qc1+ 48. Kd3 Qa3+ 49. Kc2 Qa2+ 50. Kc3 Bd5 51. bxc6 bxc6 52. Rxd5 Qa3+ 53. Kc2
cxd5 54. Be6 Qa4+ 55. Kd2 Qa2+ 56. Ke1 Qb1+ 57. Kf2 Qc2+ 58. Kg1 Qd1+ 59. Kg2
Qe2+ 60. Kg3 Qe1+ 61. Kg4 Qg1+ 62. Kh5 Qh2+ 63. Kxg5 Qg3+ 64. Kh5 Qh2+ 65. Kg4
Qg2+ 66. Kh4 Qh2+ 67. Kg4 Qg2+ 68. Kh4 Qh2+ 1/2-1/2

[Event "34. Copenhagen Open (Politiken Cup)"]
[Site "Elsinore"]
[Date "2012.07.29"]
[Round "2"]
[White "Johansson, Anders"]
[Black "Bach, Matthias"]
[Result "1-0"]
[WhiteElo "2029"]
[BlackElo "2274"]
[PlyCount "81"]
[EventDate "2012.07.28"]
[EventType "swiss"]
[EventRounds "10"]
[EventCountry "DEN"]
[Source "ChessBase"]
[SourceDate "2012.08.24"]

1. Nf3 b6 2. g3 Bb7 3. Bg2 g5 4. O-O h6 5. d3 Bg7 6. e4 e6 7. h4 gxh4 8. Nxh4
Nc6 9. c3 Qe7 10. a3 O-O-O 11. b4 h5 12. Ra2 Bf6 13. Nf3 h4 14. a4 Nh6 15. a5
hxg3 16. fxg3 Rdg8 17. axb6 cxb6 18. b5 Qc5+ 19. d4 Qxb5 20. Bf4 Ng4 21. Na3
Qh5 22. Nc4 Be7 23. Qa1 e5 24. Rxa7 exf4 25. Nxb6+ Kc7 26. Nd5+ Qxd5 27. Rxb7+
Kxb7 28. exd5 Nb8 29. Rb1+ Kc8 30. Qa7 Bd6 31. c4 Kd8 32. c5 Ke7 33. cxd6+ Kf6
34. Re1 Ne3 35. Rxe3 fxe3 36. Qa3 Re8 37. Ne5 Kg7 38. Qd3 Rh6 39. Bf1 Rxd6 40.
Qf5 Re7 41. Bd3 1-0

[Event "34. Copenhagen Open (Politiken Cup)"]
[Site "Elsinore"]
[Date "2012.07.29"]
[Round "2"]
[White "Jorgensen, Dennis"]
[Black "Barane, Simon"]
[Result "1-0"]
[WhiteElo "2231"]
[BlackElo "1835"]
[PlyCount "59"]
[EventDate "2012.07.28"]
[EventType "swiss"]
[EventRounds "10"]
[EventCountry "DEN"]
[Source "ChessBase"]
[SourceDate "2012.08.24"]

1. d4 Nf6 2. c4 e5 3. dxe5 Ng4 4. Nf3 Bc5 5. e3 Nc6 6. Nc3 Ngxe5 7. Nxe5 Nxe5
8. f4 Nc6 9. Qh5 Bb4 10. Bd2 g6 11. Qf3 O-O 12. O-O-O d6 13. g4 Re8 14. Bd3
Bxc3 15. Bxc3 Qe7 16. Rhe1 Bd7 17. g5 Nd8 18. h4 Bc6 19. e4 Ne6 20. Qf2 Nc5 21.
Qd4 Nxd3+ 22. Rxd3 f6 23. gxf6 Qf7 24. h5 Re6 25. hxg6 hxg6 26. Rh3 Bxe4 27.
Rxe4 Rae8 28. Rxe6 Qxe6 29. f7+ Kxf7 30. Qg7# 1-0

[Event "34. Copenhagen Open (Politiken Cup)"]
[Site "Elsinore"]
[Date "2012.07.29"]
[Round "2"]
[White "Karlsson, Ulf"]
[Black "Rewitz, Poul"]
[Result "0-1"]
[WhiteElo "2012"]
[BlackElo "2239"]
[PlyCount "118"]
[EventDate "2012.07.28"]
[EventType "swiss"]
[EventRounds "10"]
[EventCountry "DEN"]
[Source "ChessBase"]
[SourceDate "2012.08.24"]

1. e4 e6 2. f4 d5 3. Nc3 dxe4 4. Nxe4 Nd7 5. Nf3 b6 6. Bb5 Bd6 7. Nxd6+ cxd6 8.
Qe2 Ngf6 9. Bc6 Rb8 10. b3 Bb7 11. Bxb7 Rxb7 12. Bb2 O-O 13. O-O Qc8 14. c4
Qc5+ 15. Bd4 Qf5 16. Nh4 Qe4 17. Be3 Nc5 18. Qf3 Rc8 19. Qg3 Qd3 20. Rf3 Nce4
21. Qe1 d5 22. f5 dxc4 23. fxe6 fxe6 24. bxc4 Qxc4 25. d3 Qxd3 26. Bxb6 Qd2 27.
Qxd2 Nxd2 28. Rd3 Rxb6 29. Rxd2 Rcb8 30. Re1 Rb1 31. Kf2 Rxe1 32. Kxe1 Rb1+ 33.
Ke2 Nd5 34. Nf3 h6 35. Nd4 Kf7 36. Kd3 Ke7 37. g3 Kd6 38. Re2 Rd1+ 39. Kc4 Nb6+
40. Kc3 Na4+ 41. Kc4 Nb6+ 42. Kc3 Nd5+ 43. Kc4 Nc7 44. Nf3 Rd5 45. Nd2 Nb5 46.
a4 Rc5+ 47. Kb4 Nd4 48. Ne4+ Kd5 49. Nxc5 Nxe2 50. Nb3 e5 51. Nd2 e4 52. Ka5
Nc3 53. Kb4 Nd1 54. Kb5 e3 55. Nf3 Nb2 56. Ne1 e2 57. a5 Ke4 58. Ka6 Nd3 59.
Nc2 Nb4+ 0-1

[Event "34. Copenhagen Open (Politiken Cup)"]
[Site "Elsinore"]
[Date "2012.07.29"]
[Round "2"]
[White "Knudsen, Jes West"]
[Black "Moerling, Joakim"]
[Result "1-0"]
[WhiteElo "1918"]
[BlackElo "1685"]
[PlyCount "85"]
[EventDate "2012.07.28"]
[EventType "swiss"]
[EventRounds "10"]
[EventCountry "DEN"]
[Source "ChessBase"]
[SourceDate "2012.08.24"]

1. Nf3 Nf6 2. g3 e6 3. Bg2 d5 4. d3 c5 5. Nbd2 Nc6 6. e4 b5 7. O-O Be7 8. Re1
Qb6 9. e5 Nd7 10. c4 bxc4 11. dxc4 d4 12. h4 Bb7 13. Nf1 O-O-O 14. Bf4 h6 15.
a3 Nf8 16. N1d2 Ng6 17. h5 Nxf4 18. gxf4 Rd7 19. Rb1 a5 20. Ne4 Rhd8 21. Qd3 a4
22. b3 Qa6 23. Nfd2 Rc7 24. Rb2 axb3 25. Nxb3 Na5 26. Nxa5 Qxa5 27. Reb1 Bc6
28. Qg3 Bf8 29. Nd6+ Bxd6 30. exd6 Rxd6 31. Rb8+ Kd7 32. Qxg7 Bxg2 33. Qxf7+
Kc6 34. Qe8+ Rdd7 35. Qxe6+ Rd6 36. Qe8+ Rdd7 37. Qg6+ Rd6 38. Qxg2+ Kd7 39.
Qg8 Kc6 40. Qe8+ Rdd7 41. Qe6+ Rd6 42. Qe4+ Kd7 43. Qe8# 1-0

[Event "34. Copenhagen Open (Politiken Cup)"]
[Site "Elsinore"]
[Date "2012.07.29"]
[Round "2"]
[White "Kristensen, Lars Ostergaard"]
[Black "Garberg, Tore"]
[Result "0-1"]
[WhiteElo "1695"]
[BlackElo "1956"]
[PlyCount "58"]
[EventDate "2012.07.28"]
[EventType "swiss"]
[EventRounds "10"]
[EventCountry "DEN"]
[Source "ChessBase"]
[SourceDate "2012.08.24"]

1. e4 c6 2. d4 d6 3. c4 Nf6 4. Nc3 Qc7 5. f3 e6 6. Bd3 Be7 7. Nge2 a6 8. a4 d5
9. Bf4 Qa5 10. O-O O-O 11. Qc2 dxc4 12. Bxc4 c5 13. d5 exd5 14. exd5 Qb4 15.
Ne4 Nbd7 16. d6 Bd8 17. N2g3 Nb6 18. Ba2 Nbd5 19. Bg5 Bd7 20. Kh1 Rc8 21. Rfe1
Bxa4 22. Nxf6+ Bxf6 23. Qf5 Bxg5 24. Qxg5 Rce8 25. Rxe8 Rxe8 26. h4 Nf4 27. Nf5
Qxb2 28. Nh6+ Kf8 29. Qf5 Qxg2# 0-1

[Event "34. Copenhagen Open (Politiken Cup)"]
[Site "Elsinore"]
[Date "2012.07.29"]
[Round "2"]
[White "Kristiansen, Jens"]
[Black "Taksrud, Vidar"]
[Result "1-0"]
[WhiteElo "2426"]
[BlackElo "2057"]
[PlyCount "69"]
[EventDate "2012.07.28"]
[EventType "swiss"]
[EventRounds "10"]
[EventCountry "DEN"]
[Source "ChessBase"]
[SourceDate "2012.08.24"]

1. d4 d5 2. c4 c6 3. Nf3 Nf6 4. Nc3 e6 5. Bg5 Nbd7 6. cxd5 exd5 7. e3 Bd6 8.
Bd3 h6 9. Bh4 O-O 10. Qc2 Re8 11. O-O a6 12. a3 Be7 13. Bg3 c5 14. Rad1 c4 15.
Be2 b5 16. Ne5 Bb7 17. Bf3 Nb6 18. Rfe1 b4 19. axb4 Bxb4 20. Bh4 g5 21. Bg3 Kg7
22. Re2 Bc8 23. Nc6 Qd7 24. Nxb4 g4 25. Bxd5 Nfxd5 26. Nbxd5 Nxd5 27. Nxd5 Qxd5
28. e4 Qb5 29. d5 Bb7 30. Bh4 f6 31. e5 Rxe5 32. Rxe5 fxe5 33. Qf5 Rf8 34.
Qxg4+ Kh8 35. Qg6 1-0

[Event "34. Copenhagen Open (Politiken Cup)"]
[Site "Elsinore"]
[Date "2012.07.29"]
[Round "2"]
[White "Kyrkjebo, Marte Bakken"]
[Black "Helin, Mikael"]
[Result "0-1"]
[WhiteElo "1632"]
[BlackElo "1905"]
[PlyCount "62"]
[EventDate "2012.07.28"]
[EventType "swiss"]
[EventRounds "10"]
[EventCountry "DEN"]
[Source "ChessBase"]
[SourceDate "2012.08.24"]

1. e4 c5 2. Nc3 Nc6 3. g3 g6 4. Bg2 e5 5. d3 h6 6. f4 d6 7. Nf3 Bg7 8. Be3 b6
9. O-O Nf6 10. h3 Nh5 11. Kh2 exf4 12. gxf4 Nd4 13. e5 Nf5 14. Bd2 O-O 15. exd6
Qxd6 16. Nb5 Qb8 17. Ne5 Bxe5 18. Bxa8 Nxf4 19. Bf3 Nxh3+ 20. Kg2 Bxb2 21. Rb1
Qg3+ 22. Kh1 Be5 23. Qe2 Ng5 24. Rbe1 Nxf3 25. Rxf3 Bb7 26. Ref1 Nh4 27. Be1
Qh3+ 28. Kg1 Nxf3+ 29. Kf2 a6 30. Na3 Qh2+ 31. Ke3 Bd4# 0-1

[Event "34. Copenhagen Open (Politiken Cup)"]
[Site "Elsinore"]
[Date "2012.07.29"]
[Round "2"]
[White "Larsen, Karsten"]
[Black "Sem Johansen, Asmund"]
[Result "1-0"]
[WhiteElo "2331"]
[BlackElo "1751"]
[PlyCount "77"]
[EventDate "2012.07.28"]
[EventType "swiss"]
[EventRounds "10"]
[EventCountry "DEN"]
[Source "ChessBase"]
[SourceDate "2012.08.24"]

1. e4 d5 2. Nc3 d4 3. Nce2 c5 4. Ng3 Nc6 5. f4 e5 6. fxe5 Nxe5 7. Nf3 Nxf3+ 8.
Qxf3 Bd6 9. Bc4 Nf6 10. O-O O-O 11. Nf5 Bxf5 12. Qxf5 Qc7 13. h3 Rae8 14. d3 a6
15. a4 Qd7 16. Bg5 Qxf5 17. Rxf5 Be5 18. Raf1 Re7 19. g4 h6 20. Bh4 g5 21. Be1
Kg7 22. b4 b5 23. axb5 axb5 24. Bxb5 Rb8 25. Bc4 cxb4 26. Bf2 Nd7 27. Ra1 Rb7
28. Ra8 f6 29. Ra5 Kg6 30. Be1 h5 31. gxh5+ Kxh5 32. Rb5 Ra7 33. Bxb4 Ra1+ 34.
Rf1 Rxf1+ 35. Kxf1 Rh7 36. Be6 Bf4 37. Rb7 Nf8 38. Bg4+ Kh4 39. Kg2 1-0

[Event "34. Copenhagen Open (Politiken Cup)"]
[Site "Elsinore"]
[Date "2012.07.29"]
[Round "2"]
[White "Larsen, Mikael"]
[Black "Blomqvist, Erik"]
[Result "0-1"]
[WhiteElo "2067"]
[BlackElo "2457"]
[PlyCount "68"]
[EventDate "2012.07.28"]
[EventType "swiss"]
[EventRounds "10"]
[EventCountry "DEN"]
[Source "ChessBase"]
[SourceDate "2012.08.24"]

1. d4 d5 2. c4 c6 3. Nf3 Nf6 4. e3 Bf5 5. cxd5 cxd5 6. Qb3 Qc7 7. Bd2 Nc6 8.
Bb5 e6 9. O-O Nd7 10. Rc1 Bd6 11. Na3 Be7 12. Bb4 Rb8 13. Bxe7 Kxe7 14. Qc3
Rhc8 15. Nh4 Bg6 16. Nxg6+ hxg6 17. Bxc6 bxc6 18. b4 Qd6 19. Rab1 g5 20. Rb3 g4
21. Nc2 Rh8 22. g3 Rh6 23. Ne1 e5 24. Ra3 exd4 25. Qxd4 Rxb4 26. Qxg7 Rg6 27.
Qh8 Rc4 28. Qh4+ Ke8 29. Qh8+ Ke7 30. Qh4+ Rf6 31. Rxc4 dxc4 32. Rxa7 Qd2 33.
Rxd7+ Qxd7 34. Qg5 Qf5 0-1

[Event "34. Copenhagen Open (Politiken Cup)"]
[Site "Elsinore"]
[Date "2012.07.29"]
[Round "2"]
[White "Lie, Terje"]
[Black "Philipsen, William Horup"]
[Result "0-1"]
[WhiteElo "1626"]
[BlackElo "1905"]
[PlyCount "56"]
[EventDate "2012.07.28"]
[EventType "swiss"]
[EventRounds "10"]
[EventCountry "DEN"]
[Source "ChessBase"]
[SourceDate "2012.08.24"]

1. d4 d5 2. c4 e5 3. dxe5 d4 4. Nf3 Nc6 5. Bf4 Nge7 6. Nbd2 Ng6 7. Bg3 Bc5 8.
a3 a5 9. Ne4 Ba7 10. Qd2 Bf5 11. Neg5 Qe7 12. h4 Rd8 13. h5 Ngxe5 14. Nxe5 Nxe5
15. Qxa5 Nd3+ 16. Kd1 Qxg5 17. exd3 Bg4+ 18. f3 Qxa5 19. fxg4 O-O 20. Be2 Rfe8
21. Bf3 Re3 22. Kc2 b5 23. Rae1 bxc4 24. Rxe3 dxe3 25. Be4 cxd3+ 26. Bxd3 Qd2+
27. Kb1 Rxd3 28. Bf4 Bd4 0-1